|
|
|
|
| LEADER |
01299nam a2200241 i 4500 |
| 003 |
GR-PaULI |
| 005 |
20230616100236.0 |
| 008 |
180327s2022 gr a|||f m||| 000 0 eng d |
| 040 |
|
|
|a GR-PaULI
|b gre
|c GR-PaULI
|e AACR2
|
| 082 |
|
4 |
|2 23
|a 515.83
|
| 100 |
1 |
|
|9 199013
|a Καπουλέα, Σταυρούλα
|e συγγραφέας
|
| 245 |
1 |
0 |
|a Interdisciplinary applications of fractional-order circuits /
|c Stavroula Kapoulea.
|
| 300 |
|
|
|a 343 σ. :
|b έγχ. εικ. ;
|c 30 εκ.
|
| 502 |
|
|
|a Διδακτορική διατριβή (Δ.Δ.)--Πανεπιστήμιο Πατρών, 2022
|
| 504 |
|
|
|a Περιλαμβάνει βιβλιογραφικές παραπομπές.
|
| 650 |
|
4 |
|9 199016
|a Κλασματικός λογισμός
|
| 700 |
|
|
|a Ψυχαλίνος, Κωνσταντίνος
|9 61068
|e επιβλέπων καθηγητής
|
| 710 |
|
|
|9 31882
|a Πανεπιστήμιο Πατρών
|b Σχολή Θετικών Επιστημών
|b Τμήμα Φυσικής
|
| 856 |
|
|
|u http://hdl.handle.net/10889/15901
|
| 942 |
|
|
|2 ddc
|c BKTD
|
| 952 |
|
|
|0 0
|1 0
|2 ddc
|4 0
|6 515_830000000000000_ΚΑΠ
|7 0
|9 372681
|a LISP
|b LISP
|c RES
|d 2023-06-16
|i 255668
|l 0
|o 515.83 ΚΑΠ
|p 025000291458
|r 2023-06-16 00:00:00
|t 1
|w 2023-06-16
|y BKTD
|
| 998 |
|
|
|c ΓΙΑΝΝΟΠΟΥΛΟΥ ΓΕΩΡΓΙΑ
|d 2023-06
|
| 999 |
|
|
|c 217332
|d 217332
|